<?xml version="1.0" encoding="UTF-8"?>
<record
    xmlns:xsi="http://www.w3.org/2001/XMLSchema-instance"
    xsi:schemaLocation="http://www.loc.gov/MARC21/slim http://www.loc.gov/standards/marcxml/schema/MARC21slim.xsd"
    xmlns="http://www.loc.gov/MARC21/slim">

  <leader>00924nam a22001937a 4500</leader>
  <controlfield tag="003">OSt</controlfield>
  <controlfield tag="005">20260114212018.0</controlfield>
  <controlfield tag="008">260114b        |||||||| |||| 00| 0 eng d</controlfield>
  <datafield tag="037" ind1=" " ind2=" ">
    <subfield code="b">Donaci&#xF3;n</subfield>
  </datafield>
  <datafield tag="040" ind1=" " ind2=" ">
    <subfield code="a">CO-JMCR</subfield>
    <subfield code="b">spa</subfield>
    <subfield code="c">CO-JMCR</subfield>
    <subfield code="d">CO-JMCR</subfield>
    <subfield code="e">rda</subfield>
  </datafield>
  <datafield tag="041" ind1=" " ind2=" ">
    <subfield code="a">spa</subfield>
    <subfield code="h">spa</subfield>
  </datafield>
  <datafield tag="082" ind1="0" ind2="4">
    <subfield code="a">348.861</subfield>
    <subfield code="b">M61L</subfield>
  </datafield>
  <datafield tag="110" ind1="1" ind2="2">
    <subfield code="a">Colombia</subfield>
    <subfield code="b">Ministerio de Justicia y del Derecho</subfield>
    <subfield code="9">13631</subfield>
  </datafield>
  <datafield tag="245" ind1="0" ind2=" ">
    <subfield code="a">Ley de v&#xED;ctimas y restituci&#xF3;n de tierras y sus Decretos reglamentarios </subfield>
  </datafield>
  <datafield tag="260" ind1=" " ind2=" ">
    <subfield code="a">Primera edici&#xF3;n</subfield>
    <subfield code="b">Imprenta Nacional de Colombia</subfield>
    <subfield code="c">2012</subfield>
  </datafield>
  <datafield tag="300" ind1=" " ind2=" ">
    <subfield code="a">243 p&#xE1;ginas</subfield>
    <subfield code="b">Fotograf&#xED;as</subfield>
    <subfield code="c">23 cm.</subfield>
  </datafield>
  <datafield tag="505" ind1=" " ind2=" ">
    <subfield code="a">Ley 1448 de 2011 -- T&#xED;tulo I. Disposiciones generales -- T&#xED;tulo II. Derechos de las victimas dentor de ls procesos judiciales -- T&#xED;tulo III. Ayuda humanitaria atenci&#xF3;n y asistencia -- T&#xED;tulo IV. Repraci&#xF3;n de la victimas -- T&#xED;tulo VI. De la institucionalidad para la atenci&#xF3;n y reparaci&#xF3;n de las victimas -- </subfield>
  </datafield>
  <datafield tag="942" ind1=" " ind2=" ">
    <subfield code="2">ddc</subfield>
    <subfield code="c">BK</subfield>
  </datafield>
  <datafield tag="999" ind1=" " ind2=" ">
    <subfield code="c">31133</subfield>
    <subfield code="d">17517</subfield>
  </datafield>
</record>
